000 00776nam a22002537a 4500
001 BR7500136
003 BR-BrBNA
005 20230928084711.0
007 ta
008 230509b bl.||||| |||| 00| 0 por d
040 _aBR-BrBNA
_bpor
_cBiblioteca Nacional de Agricultura
041 _a(Por)
072 _aL00
_b5214
_b/G514
090 _ 5214 BR7500136
110 1 _aPlano de Melhoramento da Alimentacao e do Manejo do Gado Leiteiro, Brasilia, DF (Brasil)
_97810
245 1 _aProgramacao 1975 [Plano de Melhoramento da Alimentacao e do Manejo do Gado Leiteiro; Brasil]
260 3 _aBrasilia, DF (Brasil):
_c1975.
300 _a62 p.
650 _aGADO LEITEIRO
650 _aMANEJO
650 _aORCAMENTO
909 _a202309
_bLucia
_c55
_dLucia Elande
942 _cBK
999 _c20567
_d20567